LEADER 01151nam 2200421 450 001 9910796303103321 005 20220530152839.0 010 $a84-9148-634-8 035 $a(CKB)3830000000059207 035 $a(MiAaPQ)EBC5634721 035 $a(MiAaPQ)EBC6514399 035 $a(Au-PeEL)EBL6514399 035 $a(OCoLC)1171595879 035 $a(OCoLC)1105470190 035 $a(FlNmELB)ELB59002 035 $a(EXLCZ)993830000000059207 100 $a20220530d2018 uy 0 101 0 $aspa 135 $aurcnu|||||||| 181 $2rdacontent 182 $2rdamedia 183 $2rdacarrier 200 10$aEnsayos filoso?ficos y arti?sticos /$fCarlos Blanco 210 1$aMadrid, Spain :$cDykinson,$d[2018] 210 4$d©2018 215 $a1 online resource (301 pa?ginas) 311 $a84-9148-600-3 606 $aArt$xPhilosophy 615 0$aArt$xPhilosophy. 676 $a199.82 700 $aBlanco$b Carlos$f1986-$01562955 801 0$bMiAaPQ 801 1$bMiAaPQ 801 2$bMiAaPQ 906 $aBOOK 912 $a9910796303103321 996 $aEnsayos filoso?ficos y arti?sticos$93841711 997 $aUNINA LEADER 00885nam0-22002651i-450 001 990004930560403321 005 20260126093551.0 035 $a000493056 035 $aFED01000493056 035 $a(Aleph)000493056FED01 100 $a19990530g19499999km-y0itay50------ba 101 0 $afre 102 $aFR 105 $ay-------001yy 200 1 $aRené-Auguste de Chateaubriand comte de Cambourg (1718-1786)$ed'après des document inèdits sur la vie maritime féodale et familiale en Bretagne au XVIII siècle$fpar Georges Collas 210 $aParis$cA.G. Nizet$d1949 215 $a270 p.$d25 cm 700 1$aCollas,$bGeorges$0197760 801 0$aIT$bUNINA$gRICA$2UNIMARC 901 $aBK 912 $a990004930560403321 952 $aSI 434$bFil. Mod. 8934$fFLFBC 959 $aFLFBC 996 $aRené-Auguste de Chateaubriand comte de Cambourg (1718-1786)$94531825 997 $aUNINA